[Event "New Westminster BC Day"]
[Site "New Westminster"]
[Date "2024.08.02"]
[Round "4"]
[White "Koo, Minjun"]
[Black "Liu, Zachary Hankun"]
[Result "1/2-1/2"]
[WhiteElo "1825"]
[BlackElo "2004"]
[PlyCount "64"]
[EventDate "2024.08.01"]
[EventType "swiss"]
[EventRounds "9"]
[EventCountry "CAN"]
[SourceTitle "CBM 221 Extra"]
[Source "ChessBase"]
[SourceDate "2024.09.30"]
[SourceVersion "1"]
[SourceVersionDate "2024.09.30"]
[SourceQuality "1"]

1. e4 c5 2. Nf3 d6 3. d4 cxd4 4. Qxd4 Nc6 5. Qe3 g6 6. Nc3 Bg7 7. Be2 Nf6 8. h3 0-0 9. 0-0 Bd7 10. Rd1 Qc8 11. a3 Re8 12. Rb1 a6 13. b4 b5 14. Bb2 Be6 15. Nd5 Nd7 16. Bxg7 Kxg7 17. c4 Qb7 18. Nd4 Nxd4 19. Qxd4+ f6 20. f4 Kg8 21. Rbc1 Rac8 22. cxb5 Rxc1 23. Rxc1 axb5 24. Rc7 Qb8 25. Rc3 Bf7 26. Nc7 Rc8 27. Nxb5 Rxc3 28. Nxc3 e5 29. fxe5 fxe5 30. Qd3 Qa7+ 31. Kh2 Qxa3 32. Nb5 Qxb4 1/2-1/2

[Event "Canadian op"]
[Site "Laval"]
[Date "2024.07.13"]
[Round "1"]
[White "Koo, Minjun"]
[Black "Chipanga, Takaedza"]
[Result "0-1"]
[WhiteElo "1781"]
[BlackElo "1940"]
[PlyCount "58"]
[EventDate "2024.07.13"]
[EventType "swiss"]
[EventRounds "9"]
[EventCountry "CAN"]
[SourceTitle "EXT 2025"]
[Source "ChessBase"]
[SourceDate "2024.10.14"]
[SourceVersion "1"]
[SourceVersionDate "2024.10.14"]
[SourceQuality "1"]

1. c4 c5 2. g3 Nc6 3. Bg2 e5 4. Nc3 g6 5. Nf3 Bg7 6. a3 Nge7 7. 0-0 0-0 8. Rb1 a5 9. d3 d6 10. Ne1 Be6 11. h3 d5 12. cxd5 Nxd5 13. Ne4 b6 14. Ng5 Bc8 15. Qa4 Bb7 16. Qc4 Nd4 17. Bf3 b5 18. Qa2 a4 19. Ne4 Nb3 20. Nd2 c4 21. dxc4 bxc4 22. Nc2 Qc7 23. Rd1 Rfd8 24. Kg2 Rab8 25. Nf1 Qe7 26. Kh2 e4 27. Bg2 c3 28. Nfe3 Nxc1 29. Rdxc1 cxb2 0-1

[Event "Canadian op"]
[Site "Calgary"]
[Date "2023.07.30"]
[Round "10"]
[White "Usselman, Paul"]
[Black "Koo, Minjun"]
[Result "1/2-1/2"]
[WhiteElo "1732"]
[BlackElo "1536"]
[PlyCount "85"]
[EventDate "2023.07.22"]
[EventType "swiss"]
[EventRounds "10"]
[EventCountry "CAN"]
[SourceTitle "EXT 2024"]
[Source "ChessBase"]
[SourceDate "2023.10.10"]
[SourceVersion "1"]
[SourceVersionDate "2023.10.10"]
[SourceQuality "1"]

1. Nf3 c5 2. g3 Nf6 3. Bg2 g6 4. 0-0 Bg7 5. c4 0-0 6. Nc3 Nc6 7. d3 d6 8. a3 Bd7 9. Rb1 a5 10. Bg5 h6 11. Bd2 Be6 12. Qc1 Kh7 13. Rd1 Qd7 14. e3 Bh3 15. Nd5 Bxg2 16. Kxg2 Nxd5 17. cxd5 Ne5 18. Ne1 Qb5 19. Bc3 c4 20. dxc4 Nxc4 21. Bxg7 Kxg7 22. b3 Ne5 23. Qb2 Kh7 24. a4 Qb4 25. Rd4 Qb6 26. f4 Nd7 27. b4 Rfb8 28. Kf3 Ra7 29. Nd3 Re8 30. bxa5 Qxa5 31. Qb5 Qxb5 32. Rxb5 b6 33. Rc4 Rea8 34. Rbb4 Ra6 35. Rc7 R6a7 36. Rbc4 Nc5 37. Rxa7 Rxa7 38. Nb2 Kg7 39. Rb4 Ra8 40. e4 f6 41. Ke3 Kf7 42. g4 h5 43. h3 1/2-1/2

[Event "Canadian op"]
[Site "Calgary"]
[Date "2023.07.28"]
[Round "8"]
[White "Sembrano, Joshua"]
[Black "Koo, Minjun"]
[Result "1-0"]
[WhiteElo "1666"]
[BlackElo "1536"]
[PlyCount "145"]
[EventDate "2023.07.22"]
[EventType "swiss"]
[EventRounds "10"]
[EventCountry "CAN"]
[SourceTitle "EXT 2024"]
[Source "ChessBase"]
[SourceDate "2023.10.10"]
[SourceVersion "1"]
[SourceVersionDate "2023.10.10"]
[SourceQuality "1"]

1. d4 d5 2. Nc3 Nf6 3. Bf4 c5 4. e3 cxd4 5. exd4 Bg4 6. f3 Bd7 7. Nb5 Bxb5 8. Bxb5+ Nc6 9. c3 Qa5 10. Qa4 Qxa4 11. Bxa4 e6 12. Ne2 Nh5 13. Bg5 Be7 14. Be3 0-0 15. h4 Bd6 16. g4 Ng3 17. Nxg3 Bxg3+ 18. Bf2 Bxf2+ 19. Kxf2 Rac8 20. Bxc6 Rxc6 21. Ke3 f6 22. f4 Re8 23. g5 f5 24. h5 Kf8 25. Rhc1 Rec8 26. a4 a5 27. Kd3 Rb6 28. Rc2 Rb3 29. Re1 Rc6 30. Kd2 Rcb6 31. Kc1 Rc6 32. Rce2 Ke7 33. Re5 Kd7 34. R1e2 Rbb6 35. Kc2 Rb4 36. Rxe6 Rxb2+ 37. Kxb2 Rxe6 38. Re5 Kd6 39. Rxf5 Re7 40. Kc2 Rd7 41. Kd3 Rc7 42. g6 hxg6 43. hxg6 Ke6 44. Rf8 b6 45. f5+ Kd6 46. f6 gxf6 47. Rxf6+ Ke7 48. Rxb6 Rc4 49. Rb5 Rxa4 50. Rxd5 Kf6 51. Rd6+ Kg7 52. Ra6 Ra1 53. Kc4 Rc1 54. Rxa5 Kxg6 55. Re5 Kf6 56. Re3 Ra1 57. Kb4 Rb1+ 58. Kc5 Rd1 59. c4 Ra1 60. Kb5 Rd1 61. d5 Rd4 62. Kc5 Rd1 63. Kc6 Rd4 64. c5 Ra4 65. Kb6 Rb4+ 66. Kc7 Ra4 67. c6 Ra7+ 68. Kd8 Rg7 69. c7 Rg8+ 70. Re8 Rg5 71. d6 Kf7 72. c8Q Rg6 73. Qf5+ 1-0

[Event "Wch U12"]
[Site "Batumi"]
[Date "2022.09.26"]
[Round "10"]
[White "Zev, Ganganbars"]
[Black "Koo, Minjun"]
[Result "1/2-1/2"]
[WhiteElo "1356"]
[BlackElo "1406"]
[PlyCount "69"]
[EventDate "2022.09.16"]
[EventType "swiss"]
[EventRounds "11"]
[EventCountry "GEO"]
[SourceTitle "EXT 2023"]
[Source "ChessBase"]
[SourceDate "2022.10.05"]
[SourceVersion "1"]
[SourceVersionDate "2022.10.05"]
[SourceQuality "1"]

1. Nf3 c5 2. c4 Nf6 3. g3 b6 4. Bg2 Bb7 5. 0-0 e6 6. b3 Be7 7. Bb2 0-0 8. d4 cxd4 9. Nxd4 Bxg2 10. Kxg2 d6 11. Nd2 a6 12. e4 Qc7 13. Re1 Nbd7 14. Qe2 Rfe8 15. Rad1 Rad8 16. N2f3 e5 17. Nf5 Bf8 18. Ne3 Nc5 19. Nd5 Nxd5 20. Rxd5 Be7 21. Red1 a5 22. Nd2 Rd7 23. Nb1 Red8 24. Nc3 Qc6 25. f3 Bg5 26. Nb5 f6 27. Ba3 Kf7 28. Bxc5 bxc5 29. Qd3 Ke7 30. Qc3 Qb6 31. Qe1 Bh6 32. Qe2 g6 33. Qd3 Bg5 34. Rf1 Bh6 35. Rd1 1/2-1/2

[Event "Wch U12"]
[Site "Batumi"]
[Date "2022.09.24"]
[Round "8"]
[White "Anghelescu, Teodor Stefan"]
[Black "Koo, Minjun"]
[Result "1-0"]
[WhiteElo "1775"]
[BlackElo "1406"]
[PlyCount "45"]
[EventDate "2022.09.16"]
[EventType "swiss"]
[EventRounds "11"]
[EventCountry "GEO"]
[SourceTitle "EXT 2023"]
[Source "ChessBase"]
[SourceDate "2022.10.05"]
[SourceVersion "1"]
[SourceVersionDate "2022.10.05"]
[SourceQuality "1"]

1. e4 c5 2. Nf3 Nc6 3. d4 cxd4 4. Nxd4 Nf6 5. Nc3 e5 6. Ndb5 d6 7. Bg5 a6 8. Na3 b5 9. Nd5 Be7 10. Bxf6 Bxf6 11. c4 b4 12. Nc2 0-0 13. g3 a5 14. h4 g6 15. Bh3 Bb7 16. h5 Bg5 17. hxg6 hxg6 18. Qg4 Bc8 19. Qe2 Ba6 20. Bg2 Rc8 21. Qg4 Rb8 22. f4 exf4 23. gxf4 1-0

[Event "Wch U12"]
[Site "Batumi"]
[Date "2022.09.19"]
[Round "4"]
[White "Sarasketa Irastortza, Oier"]
[Black "Koo, Minjun"]
[Result "0-1"]
[WhiteElo "1756"]
[BlackElo "1406"]
[PlyCount "41"]
[EventDate "2022.09.16"]
[EventType "swiss"]
[EventRounds "11"]
[EventCountry "GEO"]
[SourceTitle "EXT 2023"]
[Source "ChessBase"]
[SourceDate "2022.10.05"]
[SourceVersion "1"]
[SourceVersionDate "2022.10.05"]
[SourceQuality "1"]

1. e4 c5 2. c3 Nf6 3. e5 Nd5 4. d4 cxd4 5. cxd4 Nc6 6. Nf3 d6 7. Bc4 Nb6 8. Bb5 Bd7 9. Nc3 dxe5 10. Nxe5 Nxe5 11. dxe5 g6 12. a4 a6 13. Bxd7+ Nxd7 14. Bf4 Bg7 15. Qe2 Qa5 16. Rd1 Bxe5 17. Bxe5 Qxe5 18. Qxe5 Nxe5 19. Nd5 Rc8 20. 0-0 e6 21. Rfe1 0-1

[Event "Pardubice Czech op-D 30th"]
[Site "Pardubice"]
[Date "2019.07.20"]
[Round "1"]
[White "Koo, Minjun"]
[Black "Pekurin, Yury"]
[Result "0-1"]
[WhiteElo "1239"]
[BlackElo "1687"]
[PlyCount "80"]
[EventDate "2019.07.20"]
[EventType "swiss"]
[EventRounds "9"]
[EventCountry "CZE"]
[SourceTitle "EXT 2020"]
[Source "ChessBase"]
[SourceDate "2019.10.17"]
[SourceVersion "1"]
[SourceVersionDate "2019.10.17"]
[SourceQuality "1"]

1. e4 e6 2. d4 c5 3. Nf3 cxd4 4. Nxd4 Nc6 5. Nc3 Bc5 6. Nf3 a6 7. Be3 Bxe3 8. fxe3 Qb6 9. Qd2 Qxb2 10. Rb1 Qa3 11. Rb3 Qa5 12. Be2 Nge7 13. 0-0 0-0 14. Ra1 h6 15. Nb1 d5 16. Qxa5 Nxa5 17. Ra3 dxe4 18. Rxa5 exf3 19. Bxf3 Rb8 20. Nc3 Bd7 21. Rb1 Bc6 22. Bxc6 Nxc6 23. Ra3 Rfc8 24. Ne4 Ne5 25. Rc3 Rxc3 26. Nxc3 Rc8 27. Rb3 b5 28. a3 Nc4 29. Kf2 Nd2 30. Rb2 Rxc3 31. Ra2 Nc4 32. e4 Nxa3 33. Ke2 Rxc2+ 34. Rxc2 Nxc2 35. Kd3 Nb4+ 36. Kc3 Nc6 37. Kb3 Kf8 38. g4 Ke7 39. h4 Kd6 40. Kc3 Kc5 0-1